Obce okresu Plzeň-sever - Statistics

General Stats
  • This quiz has been taken 17 times
  • The average score is 15 of 98
Answer Stats
Počet obyvatel Odpověď % Correct
2 963 Plasy
77%
3 493 Kralovice
69%
6 960 Nýřany
69%
4 191 Horní Bříza
54%
3 112 Kaznějov
46%
5 051 Třemošná
46%
1 131 Manětín
38%
3 357 Tlučná
38%
4 593 Vejprnice
38%
1 291 Žihle
38%
627 Kozojedy
31%
262 Loza
31%
344 Mrtník
31%
624 Nečtiny
31%
447 Úterý
31%
666 Bezvěrov
23%
421 Dobříč
23%
254 Hvozd
23%
145 Jarov
23%
153 Kaceřov
23%
115 Koryta
23%
1 546 Kožlany
23%
889 Ledce
23%
2 877 Líně
23%
566 Mladotice
23%
540 Nekmíř
23%
599 Obora
23%
505 Pňovany
23%
120 Štichovice
23%
633 Úněšov
23%
164 Zahrádka
23%
3 486 Zruč-Senec
23%
121 Bohy
15%
181 Bučí
15%
297 Dolany
15%
459 Dolní Bělá
15%
68 Dolní Hradiště
15%
160 Dražeň
15%
804 Druztová
15%
1 912 Heřmanova Huť
15%
601 Horní Bělá
15%
1 328 Hromnice
15%
361 Krašovice
15%
135 Nadryby
15%
305 Nevřeň
15%
283 Pláně
15%
620 Rybnice
15%
1 700 Všeruby
15%
453 Výrov
15%
460 Žilov
15%
80 Bílov
8%
600 Česká Bříza
8%
1 296 Chotíkov
8%
56 Holovousy
8%
144 Kopidlo
8%
780 Líšťany
8%
208 Lité
8%
129 Potvorov
8%
577 Přehýšov
8%
334 Příšov
8%
113 Sedlec
8%
253 Tatiná
8%
987 Trnová
8%
210 Vysoká Libině
8%
2 999 Zbůch
8%
806 Bdeněves
0%
896 Blatnice
0%
65 Blažim
0%
73 Brodeslavy
0%
316 Čeminy
0%
89 Černíkovice
0%
199 Čerňovice
0%
247 Chříč
0%
91 Hlince
0%
127 Hněvnice
0%
131 Kbelany
0%
112 Kočín
0%
1 105 Kozolupy
0%
238 Křelovice
0%
268 Krsy
0%
177 Kunějovice
0%
129 Lochousice
0%
2 407 Město Touškov
0%
272 Myslinka
0%
198 Ostrov u Bezdružic
0%
68 Pastuchovice
0%
731 Pernarec
0%
289 Plešnice
0%
310 Rochlov
0%
64 Slatina
0%
33 Studená
0%
105 Tis u Blatna
0%
421 Úherce
0%
113 Újezd nade Mží
0%
452 Úlice
0%
71 Velečín
0%
1 614 Vochov
0%
65 Všehrdy
0%
No matching quizzes found
Score Distribution
Percent of People with Each Score
Percentile by Number Answered
Your Score History
You have not taken this quiz